000
00205nam a2200097Ia 4500
008
240331s9999 xx 000 0 und d
082
_b
PAd
100
_a
Pathmavathy A.S.
245
0
_a
Penn mozhi
942
_c
L
999
_c
1523
_d
1523